[Event "18th Asian-ch"]
[Site "New Delhi IND"]
[Date "2022.11.03"]
[Round "9.18"]
[White "Aditya, Mittal"]
[Black "Ayush, Sharma"]
[Result "0-1"]
[WhiteElo "2486"]
[BlackElo "2267"]
[EventDate "2022.10.26"]
[PlyCount "132"]

1.Nf3 d5 2.d4 Nf6 3.c4 e6 4.Nc3 c6 5.Bg5 h6 6.Bh4 dxc4 7.e4 g5 8.Bg3 b5 9.
Be2 Bb7 10.h4 Rg8 11.hxg5 hxg5 12.Ne5 Nbd7 13.Nxf7 Kxf7 14.e5 Nd5 15.Bh5+ 
Ke7 16.Qf3 Rg7 17.Nxd5+ exd5 18.Qa3+ c5 19.dxc5 Bc6 20.f4 b4 21.Qxb4 Qb8 
22.Qxb8 Rxb8 23.f5 Rh7 24.e6 Rxb2 25.exd7 Kd8 26.Be5 d4 27.O-O-O Rxa2 28.
Rxd4 Bxd7 29.Kb1 Ra5 30.c6 Rxe5 31.Rhd1 Rxh5 32.Rxd7+ Kc8 33.Rd8+ Kc7 34.
Rxf8 Rh2 35.Rd2 Rh1+ 36.Kc2 Kxc6 37.f6 Rf5 38.Kc3 Rc1+ 39.Rc2 Rxc2+ 40.
Kxc2 Kd7 41.g4 Rc5 42.Ra8 Ke6 43.Rxa7 Kxf6 44.Kc3 Ke5 45.Rf7 Ke4 46.Rf1 
Re5 47.Rf8 Rd5 48.Rf1 Rd3+ 49.Kxc4 Rg3 50.Re1+ Kf4 51.Kd4 Kxg4 52.Ke4 Ra3 
53.Rg1+ Kh4 54.Rh1+ Rh3 55.Rf1 g4 56.Kf4 Rh2 57.Rg1 Rf2+ 58.Ke3 g3 59.Rh1+
Kg4 60.Rh8 Rf7 61.Ke2 g2 62.Rg8+ Kh3 63.Rg6 Kh2 64.Rh6+ Kg1 65.Rg6 Re7+ 
66.Kf3 Kf1 0-1

[Event "18th Asian-ch"]
[Site "New Delhi IND"]
[Date "2022.11.03"]
[Round "9.19"]
[White "Iniyan, P."]
[Black "Manish Anto, Cristiano F."]
[Result "1-0"]
[WhiteElo "2541"]
[BlackElo "2332"]
[EventDate "2022.10.26"]
[PlyCount "107"]

1.d4 Nf6 2.c4 e6 3.Nf3 d5 4.Nc3 c6 5.Bg5 Nbd7 6.e3 Qa5 7.cxd5 Nxd5 8.Rc1 
Nxc3 9.bxc3 Ba3 10.Rc2 b6 11.Bd3 Ba6 12.O-O Bxd3 13.Qxd3 O-O 14.c4 h6 15.
Bh4 Rfe8 16.Rb1 e5 17.Qf5 Re6 18.dxe5 Nxe5 19.Nd4 Ree8 20.Bg3 Bf8 21.Nb3 
g6 22.Qe4 Qa4 23.Bxe5 Bg7 24.f4 f6 25.Qxg6 fxe5 26.Rd2 Qb4 27.f5 Qe7 28.
Rd6 Rad8 29.Rxc6 Rf8 30.c5 Rf6 31.Rxf6 Qxf6 32.Qxf6 Bxf6 33.Kf2 Be7 34.
cxb6 axb6 35.Rc1 Ra8 36.Rc2 Ra4 37.Nd2 Bc5 38.Kf3 Ra3 39.Nc4 Rd3 40.Ke4 
Rd1 41.Kxe5 Re1 42.e4 Bg1 43.g3 Rd1 44.Kf6 Bd4+ 45.e5 Re1 46.Kg6 Re4 47.h3
Kf8 48.a4 Bxe5 49.Nxe5 Rxe5 50.Kf6 Re8 51.Rc7 Rd8 52.Kg6 Rd6+ 53.f6 Rd8 
54.Rh7 1-0

[Event "18th Asian-ch"]
[Site "New Delhi IND"]
[Date "2022.11.03"]
[Round "9.20"]
[White "Amartuvshin, Ganzorig"]
[Black "Chanda, Sandipan"]
[Result "0-1"]
[WhiteElo "2406"]
[BlackElo "2474"]
[EventDate "2022.10.26"]
[PlyCount "86"]

1.d4 f5 2.g3 Nf6 3.Bg2 g6 4.Nf3 Bg7 5.O-O O-O 6.b3 e6 7.c4 d5 8.Ba3 Re8 9.
Nc3 Ne4 10.Rc1 c6 11.Ne5 Nd7 12.Nxe4 dxe4 13.Bd6 c5 14.e3 Qb6 15.Nxd7 Qxd6
16.Nxc5 e5 17.Nxe4 fxe4 18.d5 b6 19.Bxe4 Bh3 20.Re1 Bf5 21.Qd3 Rf8 22.Rc2 
Rf7 23.Rb1 a5 24.f3 Raf8 25.Rf1 h5 26.Re2 Bh6 27.a4 Bh3 28.Rff2 g5 29.Re1 
Qc5 30.Ree2 g4 31.f4 exf4 32.gxf4 Re7 33.Bg2 Bxg2 34.Kxg2 Qd6 35.Kg3 Rfe8 
36.e4 h4+ 37.Kxg4 Rg7+ 38.Kh3 Bxf4 39.Rg2 Qd7+ 40.Kxh4 Qe7+ 41.Kh3 Qd7+ 
42.Kh4 Kh8 43.Rxg7 Qxg7 0-1

[Event "18th Asian-ch"]
[Site "New Delhi IND"]
[Date "2022.11.03"]
[Round "9.21"]
[White "Mitrabha, Guha"]
[Black "Neelotpal, Das"]
[Result "1-0"]
[WhiteElo "2474"]
[BlackElo "2400"]
[EventDate "2022.10.26"]
[PlyCount "67"]

1.d4 d5 2.Bf4 Nf6 3.Nc3 e6 4.e3 Bd6 5.Qf3 a6 6.g4 b5 7.g5 Nfd7 8.h4 Bb7 9.
O-O-O Qe7 10.Nh3 Nb6 11.h5 N8d7 12.g6 hxg6 13.hxg6 f6 14.Bxd6 Qxd6 15.Nf4 
O-O-O 16.Rh7 Rhg8 17.Bh3 f5 18.Rh1 Kb8 19.Nd3 Nc4 20.Qf4 Nf8 21.Qxd6 Nxd6 
22.Ne5 Nxh7 23.gxh7 Rh8 24.Bg2 Kc8 25.Ng6 Nf7 26.Ne2 Nh6 27.Nxh8 Rxh8 28.
Nf4 Rxh7 29.Nxe6 Bc6 30.Bf3 Bd7 31.Bxd5 c6 32.Bb3 a5 33.a3 g6 34.Nf8 1-0

[Event "18th Asian-ch"]
[Site "New Delhi IND"]
[Date "2022.11.03"]
[Round "9.22"]
[White "Ajay, Karthikeyan"]
[Black "Nurmamedov, Azat"]
[Result "1/2-1/2"]
[WhiteElo "2441"]
[BlackElo "2382"]
[EventDate "2022.10.26"]
[PlyCount "72"]

1.e4 c5 2.Nf3 d6 3.Bb5+ Bd7 4.Bxd7+ Qxd7 5.c4 Nc6 6.d4 cxd4 7.Nxd4 Nf6 8.
Nc3 g6 9.f3 Bg7 10.Be3 O-O 11.O-O Nxd4 12.Bxd4 Qc6 13.b3 Nd7 14.Nd5 Rfe8 
15.Bxg7 Kxg7 16.Qd4+ Kg8 17.Rfd1 a5 18.Rac1 Rad8 19.h4 h5 20.Kf2 Qc5 21.
Qxc5 Nxc5 22.Ke3 Kg7 23.Rd2 Rc8 24.Nc3 Rc6 25.Nb5 f6 26.g3 Kf7 27.Rc3 Ne6 
28.f4 Rc5 29.Rd5 Rec8 30.f5 Nf8 31.Nd4 gxf5 32.Nxf5 Ng6 33.Nh6+ Kg7 34.
Nf5+ Kf7 35.Nh6+ Kg7 36.Nf5+ Kf7 1/2-1/2

[Event "18th Asian-ch"]
[Site "New Delhi IND"]
[Date "2022.11.03"]
[Round "9.23"]
[White "Nitish, Belurkar"]
[Black "Aradhya, Garg"]
[Result "1/2-1/2"]
[WhiteElo "2435"]
[BlackElo "2284"]
[EventDate "2022.10.26"]
[PlyCount "137"]

1.e4 e5 2.Nf3 Nc6 3.Bb5 a6 4.Ba4 Nf6 5.O-O Be7 6.Re1 b5 7.Bb3 O-O 8.a4 b4 
9.d4 d6 10.h3 Bb7 11.c3 Na5 12.Bc2 b3 13.Bd3 d5 14.Nxe5 dxe4 15.Bf1 c5 16.
Be3 Nd5 17.Nd2 Nxe3 18.fxe3 Bh4 19.Re2 Qd5 20.c4 Qd6 21.Nxb3 Nxb3 22.Qxb3 
cxd4 23.Qxb7 Qxe5 24.exd4 Qxd4+ 25.Kh1 Rfe8 26.Qd5 Rad8 27.Qxd4 Rxd4 28.c5
Rc4 29.g3 Bg5 30.h4 Bd8 31.Ree1 Rxc5 32.Bxa6 g5 33.Bb7 e3 34.b4 Rc7 35.Bf3
gxh4 36.g4 Bf6 37.Ra2 Rc4 38.a5 Bc3 39.Rc1 Rf4 40.Rxc3 Rxf3 41.a6 Rh3+ 42.
Kg2 Rg3+ 43.Kf1 Re6 44.Rcc2 Rf6+ 45.Ke1 Rg1+ 46.Ke2 Rg2+ 47.Kxe3 Rxc2 48.
Rxc2 Rxa6 49.b5 Rb6 50.Rc5 Kf8 51.Kf3 Rh6 52.Kg2 h3+ 53.Kh2 Ke8 54.Rc3 Kd7
55.Rf3 Kc7 56.Rxf7+ Kb6 57.Rf5 Rh4 58.g5 Rh5 59.Re5 Rh4 60.Rf5 Rh5 61.Re5 
Rh4 62.Re1 Rh5 63.g6 hxg6 64.Re6+ Kxb5 65.Rxg6 Kc5 66.Ra6 Rh8 67.Ra3 Kd4 
68.Rxh3 Rxh3+ 69.Kxh3 1/2-1/2

[Event "18th Asian-ch"]
[Site "New Delhi IND"]
[Date "2022.11.03"]
[Round "9.24"]
[White "Saydaliev, Saidakbar"]
[Black "Harshavardhan, G. B."]
[Result "1/2-1/2"]
[WhiteElo "2376"]
[BlackElo "2433"]
[EventDate "2022.10.26"]
[PlyCount "95"]

1.e4 e5 2.Nf3 Nc6 3.Bc4 Nf6 4.d3 Be7 5.O-O O-O 6.Re1 d6 7.a4 Kh8 8.Nc3 Bg4
9.h3 Bh5 10.Be3 Nb4 11.Bb3 c6 12.d4 exd4 13.Bxd4 c5 14.Bxf6 Bxf6 15.Rb1 
Nc6 16.Nd5 Nd4 17.g4 Nxb3 18.gxh5 Na5 19.Qd2 Nc4 20.Qf4 Be5 21.Qg4 Qc8 22.
b3 Na5 23.Nxe5 dxe5 24.h6 gxh6 25.Qh4 Qd8 26.Qxh6 Rg8+ 27.Kh2 Rg6 28.Qh5 
Nc6 29.c3 Qg8 30.Rg1 Qg7 31.Rg4 Rxg4 32.hxg4 Nd8 33.Nc7 Qf6 34.Kg2 Ne6 35.
Nxe6 fxe6 36.Rh1 Qg7 37.Rd1 Rf8 38.Qh4 h6 39.f3 Kh7 40.Qf2 b6 41.Qe3 Rf7 
42.Rh1 Qf6 43.Kf2 Kg7 44.Ke2 Rd7 45.Rh5 Qf4 46.Qxf4 exf4 47.Re5 Kf6 48.Rh5
1/2-1/2

[Event "18th Asian-ch"]
[Site "New Delhi IND"]
[Date "2022.11.03"]
[Round "9.25"]
[White "Raahul, V. S."]
[Black "Moksh Amit, Doshi"]
[Result "1-0"]
[WhiteElo "2333"]
[BlackElo "2430"]
[EventDate "2022.10.26"]
[PlyCount "75"]

1.c4 c5 2.Nc3 Nc6 3.Nf3 Nf6 4.d4 cxd4 5.Nxd4 e6 6.a3 Bc5 7.Nb3 Bb6 8.c5 
Bc7 9.g3 O-O 10.Bg2 b6 11.O-O Qe7 12.Nd4 bxc5 13.Nxc6 dxc6 14.Bxc6 Rb8 15.
Qc2 h6 16.Na4 Bd6 17.Be3 Qc7 18.Bf3 c4 19.Rac1 Ba6 20.b4 Bb5 21.Nb2 Rfc8 
22.a4 Bd7 23.Qxc4 Qd8 24.Qa6 Bxb4 25.Bxa7 Ba3 26.Bxb8 Rxc1 27.Rxc1 Qxb8 
28.Rb1 Bxb2 29.a5 Qe5 30.Qb7 Bd4 31.e3 Bc5 32.a6 g6 33.Rc1 Bxe3 34.Re1 Qa5
35.Rxe3 Bb5 36.Be2 Qe1+ 37.Kg2 Ng4 38.Rf3 1-0

[Event "18th Asian-ch"]
[Site "New Delhi IND"]
[Date "2022.11.03"]
[Round "9.26"]
[White "Anuj, Shrivatri"]
[Black "Aaryan, Varshney"]
[Result "1/2-1/2"]
[WhiteElo "2407"]
[BlackElo "2312"]
[EventDate "2022.10.26"]
[PlyCount "154"]

1.Nf3 d5 2.c4 c6 3.e3 Nf6 4.Nc3 g6 5.d4 Bg7 6.Be2 O-O 7.O-O b6 8.a4 Bb7 9.
b4 dxc4 10.Bxc4 Nd5 11.Nxd5 cxd5 12.Be2 Nc6 13.Bd2 Qd6 14.Qb3 a5 15.b5 Nb8
16.Bc1 Nd7 17.Ba3 Qf6 18.Rac1 Rfc8 19.Nd2 Bf8 20.f4 e6 21.Nf3 Qd8 22.Kf2 
Rxc1 23.Rxc1 Rc8 24.Rxc8 Qxc8 25.Bd3 Bxa3 26.Qxa3 Qf8 27.Qc3 Qc8 28.Qb2 
Nf6 29.h3 h5 30.Ne5 Nd7 31.Nf3 Nf6 32.Ke1 Kg7 33.Qa3 Qf8 34.Qc3 Qc8 35.Qb2
Kg8 36.Kd2 Kg7 37.Ng5 Nh7 38.Nf3 Nf6 39.Ke2 Kg8 40.Kf1 Kg7 41.Nd2 Kg8 42.
Qa3 Qf8 43.Qc3 Qc8 44.Qb2 Kg7 45.Be2 Kg8 46.Bf3 Ne8 47.Qa3 Qc7 48.Be2 Qd6 
49.Qc3 Qc7 50.Qa3 Qd6 51.Qb2 Nf6 52.Bf3 Qc7 53.Kf2 Ne8 54.Be2 Nf6 55.Bd3 
Qc8 56.Qa3 Qf8 57.Qc3 Qc8 58.Qb2 Qc7 59.Kf1 Qc8 60.Nf3 Kg7 61.Qa3 Qf8 62.
Qc3 Qc8 63.Qb2 Kg8 64.Kf2 Kg7 65.Qa3 Qf8 66.Qxf8+ Kxf8 67.Ne5 Bc8 68.Kg3 
Nd7 69.Kh4 Kg7 70.Nf3 Bb7 71.g4 hxg4 72.hxg4 f5 73.Kg5 Nf6 74.Ne5 Bc8 75.
Bc2 Nh7+ 76.Kh4 Nf6 77.Bb1 Kh7 1/2-1/2

[Event "18th Asian-ch"]
[Site "New Delhi IND"]
[Date "2022.11.03"]
[Round "9.27"]
[White "Atabaev, Yusup"]
[Black "Saravana, Krishnan P."]
[Result "1-0"]
[WhiteElo "2490"]
[BlackElo "2197"]
[EventDate "2022.10.26"]
[PlyCount "169"]

1.e4 c6 2.d3 d5 3.Nd2 g6 4.Ngf3 Bg7 5.d4 dxe4 6.Nxe4 Bf5 7.Ng3 Bg4 8.Bc4 
e6 9.c3 Nf6 10.h3 Bxf3 11.Qxf3 Nbd7 12.Be3 Nb6 13.Bb3 a5 14.a4 Nbd5 15.Bc2
Qb6 16.Rb1 Nxe3 17.fxe3 O-O 18.O-O e5 19.Kh1 Rae8 20.Rf2 Re7 21.Rbf1 Rfe8 
22.dxe5 Rxe5 23.e4 R5e7 24.Bb1 Nd7 25.Ba2 Ne5 26.Qe2 Rd8 27.Rb1 Bh6 28.Nf1
Nd3 29.Rf3 Ne5 30.Rf2 Kg7 31.Qc2 Rd3 32.Re2 Red7 33.Qb3 Qd8 34.Rbe1 Bg5 
35.Bb1 R3d6 36.Bc2 h5 37.Nh2 Bf4 38.Nf1 Bg5 39.Nh2 Bh4 40.Rf1 Bg3 41.c4 
Bxh2 42.Kxh2 Qg5 43.Qc3 Rd2 44.Rff2 Rxe2 45.Rxe2 f6 46.c5 Qf4+ 47.Kg1 Qc1+
48.Kh2 h4 49.Qxa5 Qxb2 50.Qe1 g5 51.Rd2 Rxd2 52.Qxd2 Nf7 53.Kh1 Qa1+ 54.
Bd1 Kh6 55.Qd7 Ne5 56.Qd8 Ng6 57.Qd6 Qc1 58.Kh2 Qf4+ 59.Kg1 Qe3+ 60.Kf1 
Qxe4 61.Qxf6 Qc4+ 62.Ke1 Qb4+ 63.Ke2 Qc4+ 64.Kd2 Qd5+ 65.Kc1 Qe5 66.Qd6 
Qf4+ 67.Kb2 Qe5+ 68.Kb1 Qxd6 69.cxd6 Ne5 70.a5 Kg6 71.Bg4 Nf7 72.Bc8 Nxd6 
73.Bxb7 c5 74.a6 Nb5 75.Kc2 c4 76.Bd5 Kf5 77.Bxc4 Na7 78.Be2 Ke5 79.Kd3 
Nc6 80.Ke3 Na7 81.Bf3 Nb5 82.Kd3 Na7 83.Kc4 Kd6 84.Bb7 Kd7 85.Kd5 1-0

[Event "18th Asian-ch"]
[Site "New Delhi IND"]
[Date "2022.11.03"]
[Round "9.29"]
[White "Ritviz, Parab"]
[Black "Suleymenov, Alisher"]
[Result "0-1"]
[WhiteElo "2337"]
[BlackElo "2491"]
[EventDate "2022.10.26"]
[PlyCount "116"]

1.g3 d5 2.Nf3 b6 3.Bg2 Bb7 4.d4 Nf6 5.O-O e6 6.c4 dxc4 7.Nc3 a6 8.Qc2 Be7 
9.e4 Nbd7 10.Bf4 b5 11.Rfe1 O-O 12.Rad1 c6 13.h4 Re8 14.Bh3 Qb6 15.g4 c5 
16.g5 Nh5 17.Be3 Qc7 18.d5 Ne5 19.Nxe5 Qxe5 20.dxe6 fxe6 21.Qe2 g6 22.Qg4 
Bd6 23.Ne2 Rad8 24.Bg2 Qh2+ 25.Kf1 e5 26.Ng1 Bc8 27.Qxc8 Rxc8 28.Nf3 Ng3+ 
29.fxg3 Qxg3 30.Bf2 Qg4 31.Rxd6 Rf8 32.Re3 Rcd8 33.Rxd8 Rxd8 34.Re1 Rf8 
35.Re3 Rf4 36.Nxe5 Qd1+ 37.Re1 Rxf2+ 38.Kxf2 Qd4+ 39.Kf3 Qxe5 40.Re2 b4 
41.Bh3 Kf8 42.Bd7 b3 43.axb3 cxb3 44.Bc6 c4 45.Bd5 c3 46.bxc3 b2 47.Ba2 
Qxc3+ 48.Kg2 Qc1 49.Rf2+ Ke8 50.Rf1 Qc2+ 51.Kf3 Qd3+ 52.Kf2 a5 53.Re1 Qd2+
54.Kf1 Qf4+ 55.Ke2 Qxh4 56.e5 Qxg5 57.e6 Qc1 58.Kf1 Ke7 0-1

[Event "18th Asian-ch"]
[Site "New Delhi IND"]
[Date "2022.11.03"]
[Round "9.30"]
[White "Batchuluun, Tsegmed"]
[Black "Wagh, Suyog"]
[Result "1-0"]
[WhiteElo "2487"]
[BlackElo "2351"]
[EventDate "2022.10.26"]
[PlyCount "90"]

1.d4 Nf6 2.c4 e6 3.Nf3 d5 4.g3 Bb4+ 5.Bd2 a5 6.Bg2 O-O 7.Qc2 Be7 8.O-O c6 
9.Bf4 a4 10.Bxb8 Rxb8 11.Qxa4 b5 12.cxb5 cxb5 13.Qb3 b4 14.Rc1 Qb6 15.e3 
Bd6 16.Nbd2 Bd7 17.Ne5 Bxe5 18.dxe5 Ng4 19.Nf3 f6 20.exf6 Rxf6 21.h3 Nh6 
22.Ne5 Be8 23.a3 Qd6 24.Nd3 Nf5 25.Nxb4 Bb5 26.Qc3 Nxg3 27.fxg3 Qxg3 28.e4
Qf2+ 29.Kh1 Rbf8 30.Rc2 Qh4 31.exd5 Bf1 32.Rxf1 Rxf1+ 33.Bxf1 Rxf1+ 34.Kg2
Rf6 35.Qc8+ Kf7 36.dxe6+ Kg6 37.Qc3 Qe4+ 38.Kh2 Rf3 39.Rg2+ Kh5 40.Qc5+ 
Rf5 41.Qc7 Rf3 42.Qc5+ Rf5 43.Qc2 Qe5+ 44.Kh1 Kh4 45.Qc4+ Rf4 1-0

[Event "18th Asian-ch"]
[Site "New Delhi IND"]
[Date "2022.11.03"]
[Round "9.32"]
[White "Winkelman, Albert"]
[Black "Nitin, S."]
[Result "0-1"]
[WhiteElo "2229"]
[BlackElo "2407"]
[EventDate "2022.10.26"]
[PlyCount "84"]

1.e4 c5 2.Nf3 d6 3.d4 cxd4 4.Nxd4 Nf6 5.Nc3 a6 6.h3 e5 7.Nb3 Be7 8.f4 O-O 
9.Be3 b5 10.Qf3 Nbd7 11.O-O-O Bb7 12.Kb1 Rc8 13.Nd5 Nxd5 14.exd5 Qc7 15.
Bd3 f5 16.fxe5 Nxe5 17.Qf2 Bxd5 18.Bf1 Be4 19.Nd4 f4 20.Bc1 d5 21.Ka1 Bc5 
22.c3 Nc6 23.Be2 Bxd4 24.cxd4 Nb4 25.a3 Qc2 26.Bd2 f3 27.gxf3 Rxf3 28.Qxf3
Bxf3 29.Bxf3 Nd3 30.Bxd5+ Kh8 31.Bc1 Nxc1 32.Rxc1 Qxc1+ 33.Rxc1 Rxc1+ 34.
Ka2 Rd1 35.Bb7 a5 36.d5 g5 37.Kb3 Rd3+ 38.Kc2 Rxh3 39.b4 axb4 40.axb4 Kg7 
41.Bc6 g4 42.Kd2 Rb3 0-1

[Event "18th Asian-ch"]
[Site "New Delhi IND"]
[Date "2022.11.03"]
[Round "9.33"]
[White "Jain Kashish, Manoj"]
[Black "Shahil, Dey"]
[Result "1-0"]
[WhiteElo "2300"]
[BlackElo "2395"]
[EventDate "2022.10.26"]
[PlyCount "89"]

1.e4 c5 2.Nf3 e6 3.d4 cxd4 4.Nxd4 a6 5.Nc3 d6 6.Be3 Nf6 7.a3 Be7 8.Qe2 Qc7
9.O-O-O Nc6 10.g4 h6 11.Rg1 g5 12.h4 gxh4 13.f4 Bd7 14.Nf3 h5 15.g5 Ng4 
16.f5 Nce5 17.Bf4 Qc5 18.Bh3 Nc4 19.f6 Nf2 20.b4 Qa7 21.Bg2 h3 22.Bh1 Rc8 
23.fxe7 Nxd1 24.Rxd1 a5 25.b5 Qc5 26.Rd3 Qxa3+ 27.Kd1 Qa1+ 28.Bc1 a4 29.g6
fxg6 30.e5 d5 31.Ne4 Nb2+ 32.Kd2 Qb1 33.Ne1 Nc4+ 34.Kd1 Nb2+ 35.Kd2 Nc4+ 
36.Kd1 Kxe7 37.Qf2 Nb2+ 38.Kd2 Nc4+ 39.Ke2 Qxc1 40.Qf6+ Ke8 41.Qxh8+ Ke7 
42.Qf6+ Ke8 43.Nd6+ Nxd6 44.exd6 Rxc2+ 45.Kf1 1-0

[Event "18th Asian-ch"]
[Site "New Delhi IND"]
[Date "2022.11.03"]
[Round "9.34"]
[White "Avinash, Ramesh"]
[Black "Hossain, Enamul"]
[Result "1/2-1/2"]
[WhiteElo "2338"]
[BlackElo "2390"]
[EventDate "2022.10.26"]
[PlyCount "80"]

1.e4 c5 2.Nf3 e6 3.d4 cxd4 4.Nxd4 a6 5.c4 Nf6 6.Nc3 Bb4 7.Qd3 d5 8.cxd5 
exd5 9.exd5 Nxd5 10.Bd2 O-O 11.Be2 Ne7 12.a3 Ba5 13.O-O-O Nbc6 14.Nxc6 
Nxc6 15.Qxd8 Rxd8 16.Bg5 Rxd1+ 17.Rxd1 Bxc3 18.bxc3 h6 19.Be3 Bf5 20.Bf3 
Rc8 21.Bxc6 Rxc6 22.Kb2 f6 23.h4 h5 24.g3 Kf7 25.Rd4 Rb6+ 26.Rb4 Rxb4+ 27.
axb4 Be4 28.c4 Ke6 29.Kc3 Kf5 30.Kd4 Bf3 31.Bf4 g5 32.hxg5 fxg5 33.Bc7 Kg4
34.Ke3 h4 35.gxh4 gxh4 36.b5 h3 37.bxa6 bxa6 38.c5 a5 39.Kd4 a4 40.Kc3 Bc6
1/2-1/2

[Event "18th Asian-ch"]
[Site "New Delhi IND"]
[Date "2022.11.03"]
[Round "9.35"]
[White "Panda, Sambit"]
[Black "Singh, Ojasva"]
[Result "1-0"]
[WhiteElo "2362"]
[BlackElo "2382"]
[EventDate "2022.10.26"]
[PlyCount "135"]

1.d4 d5 2.c4 c6 3.cxd5 cxd5 4.Bf4 Nc6 5.e3 Nf6 6.Nc3 a6 7.Be2 Bf5 8.Nf3 
Nh5 9.Be5 e6 10.O-O Be7 11.Rc1 O-O 12.Na4 f6 13.Bg3 Nxg3 14.hxg3 Rf7 15.
Nc5 Bxc5 16.Rxc5 g5 17.g4 Bg6 18.Bd3 Kg7 19.Re1 Qb6 20.Re2 Rd8 21.Rc3 Nb4 
22.Bb1 Qd6 23.a3 Nc6 24.b4 Rc7 25.Bd3 Rdc8 26.Rec2 Na7 27.Rc5 b6 28.Rxc7+ 
Rxc7 29.Rxc7+ Qxc7 30.Bxa6 b5 31.a4 Qc3 32.axb5 Qxb4 33.Qe1 Qxe1+ 34.Nxe1 
Kf8 35.b6 Nc6 36.Bb5 Nb8 37.Nf3 Ke7 38.Nd2 Bc2 39.f4 gxf4 40.exf4 Nd7 41.
b7 Nb8 42.Nf3 h6 43.Kf2 Kd6 44.Kg3 Kc7 45.Kh4 Bg6 46.g5 hxg5+ 47.fxg5 
fxg5+ 48.Kxg5 Be4 49.Kf4 Kxb7 50.g4 Kb6 51.Be8 Na6 52.g5 Nc7 53.Bf7 Kc6 
54.g6 Bxg6 55.Bxg6 Kd6 56.Bd3 Na8 57.Ne5 Nb6 58.Bb5 Nc8 59.Kg5 Ke7 60.Ng6+
Kf7 61.Nf4 Nd6 62.Bd3 Nc8 63.Be2 Nd6 64.Bh5+ Ke7 65.Ng6+ Kd8 66.Kf6 Nf5 
67.Ke5 Ng7 68.Bg4 1-0

[Event "18th Asian-ch"]
[Site "New Delhi IND"]
[Date "2022.11.03"]
[Round "9.36"]
[White "Kakabaev, Mergen"]
[Black "Sanket, Chakravarty"]
[Result "1-0"]
[WhiteElo "2285"]
[BlackElo "2372"]
[EventDate "2022.10.26"]
[PlyCount "103"]

1.e4 c6 2.d4 d5 3.e5 c5 4.dxc5 e6 5.Be3 Nd7 6.Bb5 Ne7 7.Bd4 Nf5 8.c3 a6 9.
Ba4 Qg5 10.g3 Be7 11.Nf3 Qh6 12.Nbd2 O-O 13.b4 f6 14.O-O Nxe5 15.Bxe5 fxe5
16.Nxe5 Ne3 17.Qe2 Nxf1 18.Rxf1 a5 19.Bb3 b6 20.cxb6 axb4 21.c4 dxc4 22.
Qxc4 Bd6 23.b7 Bxb7 24.Qxe6+ Qxe6 25.Bxe6+ Kh8 26.Nf7+ Rxf7 27.Bxf7 Rf8 
28.Bb3 Bc5 29.Nc4 h5 30.Ne5 Kh7 31.Nd7 Rc8 32.Nxc5 Rxc5 33.f4 h4 34.gxh4 
Bd5 35.Bxd5 Rxd5 36.Kg2 Kg6 37.Kg3 Kf5 38.h5 Rd2 39.Rf2 Rxf2 40.Kxf2 Kxf4 
41.Ke2 Ke4 42.Kd2 Kd4 43.Kc2 Kc4 44.Kb2 Kc5 45.Kb3 Kb5 46.h3 Kc5 47.Ka4 
Kc4 48.h4 Kc5 49.Ka5 Kc4 50.Kb6 Kd4 51.Kb5 Kc3 52.Kc5 1-0

[Event "18th Asian-ch"]
[Site "New Delhi IND"]
[Date "2022.11.03"]
[Round "9.37"]
[White "Dushyant, Sharma"]
[Black "Jaiswal, Rupesh"]
[Result "1-0"]
[WhiteElo "2370"]
[BlackElo "2135"]
[EventDate "2022.10.26"]
[PlyCount "83"]

1.e4 c5 2.Nf3 d6 3.d4 cxd4 4.Nxd4 Nf6 5.Nc3 a6 6.Qd3 Nbd7 7.Be2 b5 8.Nd5 
Bb7 9.a4 Nc5 10.Nxf6+ gxf6 11.Qe3 bxa4 12.f3 h5 13.Qf2 e6 14.O-O Bh6 15.
Bxh6 Rxh6 16.b4 axb3 17.cxb3 Qb6 18.b4 Nd7 19.Rfd1 Ke7 20.Rac1 Rhh8 21.
Nc6+ Bxc6 22.Qxb6 Nxb6 23.Rxc6 Rhb8 24.Rdxd6 Nd7 25.Rd4 e5 26.Rd5 Ra7 27.
Rxa6 Rxa6 28.Bxa6 Rxb4 29.Rb5 Ra4 30.Bc8 Ra8 31.Bxd7 Kxd7 32.Rb7+ Ke8 33.
Rb6 Ke7 34.h4 Rg8 35.Rb7+ Kf8 36.Rb8+ Kg7 37.Rxg8+ Kxg8 38.Kh2 Kg7 39.g4 
Kg6 40.Kg3 Kh6 41.Kf2 Kg7 42.Ke3 1-0

[Event "18th Asian-ch"]
[Site "New Delhi IND"]
[Date "2022.11.03"]
[Round "9.38"]
[White "Sidhant, Mohapatra"]
[Black "Dang Vu Dung"]
[Result "1-0"]
[WhiteElo "2343"]
[BlackElo "2017"]
[EventDate "2022.10.26"]
[PlyCount "71"]

1.d4 d5 2.c4 c6 3.Nf3 Nf6 4.Nc3 e6 5.e3 Nbd7 6.Be2 Bd6 7.O-O Ke7 8.Qc2 Re8
9.e4 dxe4 10.Nxe4 Nxe4 11.Qxe4 h6 12.Qh7 Rg8 13.Be3 Nf6 14.Qc2 Bd7 15.Rad1
Kf8 16.Ne5 Be8 17.f4 Qc7 18.Bf3 Rd8 19.Kh1 g6 20.c5 Be7 21.f5 Kg7 22.fxg6 
fxg6 23.Bf4 Qc8 24.Qc1 h5 25.Nc4 Kh7 26.Nd6 Qd7 27.Be5 Rf8 28.Be2 Ng8 29.
Bd3 Nh6 30.Rxf8 Bxf8 31.Ne4 Bg7 32.Qg5 Ng8 33.Bxg7 Kxg7 34.Qe5+ Kh6 35.Bc4
Qg7 36.Qg5+ 1-0

[Event "18th Asian-ch"]
[Site "New Delhi IND"]
[Date "2022.11.03"]
[Round "9.40"]
[White "Muhammed, Shuaau"]
[Black "Ratnakaran, K."]
[Result "0-1"]
[WhiteElo "2010"]
[BlackElo "2329"]
[EventDate "2022.10.26"]
[PlyCount "58"]

1.e4 e6 2.d4 d5 3.Nd2 Nf6 4.e5 Nfd7 5.Bd3 c5 6.c3 Nc6 7.Ne2 cxd4 8.cxd4 f6
9.exf6 Nxf6 10.Nf3 Bd6 11.O-O Qc7 12.h3 O-O 13.Be3 Bd7 14.Re1 Rae8 15.Rc1 
a6 16.a3 Qb8 17.Nc3 Re7 18.b4 Be8 19.Qc2 b5 20.Ng5 g6 21.Nf3 Nh5 22.Bg5 
Ref7 23.Rxe6 Rxf3 24.Rxe8 Qxe8 25.gxf3 Nxd4 26.Qa2 Nxf3+ 27.Kh1 Nxg5 28.
Qxd5+ Nf7 29.Ne4 Qe5 0-1

[Event "18th Asian-ch"]
[Site "New Delhi IND"]
[Date "2022.11.03"]
[Round "9.41"]
[White "Schain, Randolph"]
[Black "Krishna Teja, N."]
[Result "0-1"]
[WhiteElo "2165"]
[BlackElo "2359"]
[EventDate "2022.10.26"]
[PlyCount "78"]

1.d4 Nf6 2.Nc3 d5 3.Bg5 Nbd7 4.Nf3 h6 5.Bh4 e6 6.e3 c5 7.Be2 a6 8.a4 b6 9.
O-O Bb7 10.Ne5 Qc7 11.Bg3 Bd6 12.Nxd7 Qxd7 13.Bxd6 Qxd6 14.Bf3 O-O 15.Re1 
Rac8 16.Ne2 e5 17.dxe5 Qxe5 18.c3 Rfd8 19.Qb3 Rd6 20.Rad1 Rcd8 21.Ng3 g6 
22.Qc2 h5 23.h3 h4 24.Nf1 Bc8 25.Nh2 Kg7 26.b4 Bf5 27.Qc1 Rc8 28.b5 axb5 
29.axb5 Rcd8 30.c4 dxc4 31.Rxd6 Rxd6 32.Qxc4 Bd3 33.Qxh4 Bxb5 34.Ng4 Nxg4 
35.Qxg4 Bd3 36.h4 b5 37.h5 b4 38.Bd1 Qc3 39.h6+ Kh7 0-1